Every MotoGP circuit - Statistics

General Stats
  • This quiz has been taken 67 times
  • The average score is 38 of 76
Answer Stats
Year(s) Circuit % Correct
1976, 1978, 1982, 1984, 1985, 1991–2019, 2021–2026 Autodromo Internazionale del Mugello
96%
1987–2026 Circuito de Jerez – Ángel Nieto
96%
1969–1970, 1976, 1979, 1983, 1985, 1987, 1989–1991, 1994–1995, 2000–2026 Bugatti Circuit
94%
1992–2026 Circuit de Barcelona-Catalunya
94%
2013–2019, 2021–2026 Circuit of the Americas
90%
1965–1982, 1987–1991, 1993–2020, 2025-2026 Automotodrom Brno
88%
1977–1986, 2010–2017, 2019, 2021–2026 Silverstone Circuit
88%
1949–2019, 2021–2026 TT Circuit Assen
88%
1999–2023, 2025-2026 Circuit Ricardo Tormo
86%
1999–2019, 2022–2026 Mobility Resort Motegi
86%
2020–2026 Algarve International Circuit
84%
2010–2022, 2024–2026 MotorLand Aragón
84%
1980, 1982, 1984, 1985–1987, 1989–1991, 1993, 2007–2026 Misano World Circuit Marco Simoncelli
82%
1996–1997, 2016–2026 Red Bull Ring
80%
1961–1972, 1998–2019, 2021–2026 Sachsenring
80%
1999–2019, 2022–2026 Petronas Sepang International Circuit
78%
1969, 1972, 1974–1975, 1977, 1979, 1981, 1983, 1988, 1996–1999 Autodromo Enzo e Dino Ferrari
76%
1949–1968, 1970–1971, 1973, 1981, 1983, 1986–1987 Autodromo Nazionale di Monza
76%
1988–1991, 1993–1994, 2005–2013 Mazda Raceway Laguna Seca
76%
1963–1965, 1987–1998, 2000–2003 Suzuka International Racing Course
76%
2014–2019, 2022–2023, 2025 Autódromo Termas de Río Hondo
74%
2008–2015 Indianapolis Motor Speedway
74%
2004–2026 Lusail International Circuit
74%
1989–1990, 1997–2019, 2022–2026 Phillip Island Grand Prix Circuit
74%
1949–1979, 1981–1986, 1988–1990 Circuit de Spa-Francorchamps
72%
1987–2009 Donington Park
72%
2022–2026 Mandalika International Street Circuit
72%
2023 Buddh International Circuit
70%
2000–2012 Circuito do Estoril
66%
1992 Circuit de Nevers Magny-Cours
64%
1955, 1958, 1965, 1968, 1970, 1972, 1974, 1976, 1978, 1980, 1984, 1986, 1988, 1990, 1995–1997 Nürburgring
62%
1995–1997, 1999–2004 Autódromo Internacional Nelson Piquet
60%
2018–2019, 2022–2026 Buriram International Circuit
60%
2005–2008 Shanghai International Circuit
60%
2025-2026 Balaton Park Circuit
58%
1990, 1992 Hungaroring
58%
1983–1985, 1992 Kyalami Grand Prix Circuit
58%
1957, 1959, 1961, 1963, 1966–1967, 1969, 1971, 1973, 1975, 1977, 1979, 1981–1983, 1985-1987, 1989, 1991–1994 Hockenheimring
54%
2005–2007 Istanbul Park
54%
1966–1967 Fuji Speedway
48%
1973, 1975, 1977, 1980–1981, 1984, 1986, 1988, 1991, 1996–1999 Circuit Paul Ricard
46%
1980 Circuit Zolder
42%
1971–1977, 1981–1990 Scandinavian Raceway
42%
1961–1963, 1981–1982, 1987, 1994–1995, 1998–1999 Autódromo Oscar y Juan Gálvez
40%
1969, 1971, 1973, 1975, 1977–1988, 1991, 1993, 1998 Circuito del Jarama
40%
1949–1976 Snaefell Mountain Course
40%
1992 Autódromo José Carlos Pace
38%
1951–1955, 1961–1968, 1970, 1972, 1974, 1976 Montjuïc Circuit
36%
1954–1955 Reims-Gueux
32%
1987–1989, 2026 Autódromo Internacional Ayrton Senna
28%
1949, 1951–1954 Circuit Bremgarten
28%
1964–1965 Daytona International Speedway
26%
1967 Mosport International Raceway
26%
1999–2004 Phakisa Freeway
26%
1953, 1965 Rouen-Les-Essarts
26%
1996–1997 Sentul International Circuit
24%
1959–1964, 1966–1967, 1972, 1974 Circuit de Charade
22%
1964–1982 Imatra Circuit
22%
1971–1979, 1981–1991, 1993–1994 Salzburgring
22%
1991–1996 Eastern Creek International Raceway
20%
1998 Johor Circuit
20%
1951 Circuit Les Planques
18%
1991–1997 Shah Alam Circuit
18%
1977–1979 San Carlos Circuit
16%
1978, 1982 Circuit Paul Armagnac
14%
1978–1979 Karlskoga Motorstadion
14%
1962–1963 Tampere Circuit
14%
1978–1990 Automotodrom Grobnik
12%
1953–1971 Dundrod Circuit
12%
1952, 1954, 1956, 1960, 1962, 1964 Solitudering
12%
1950 Circuit des Nations
10%
1949–1952 Clady Circuit
10%
1958 Hedemora Circuit
8%
1969–1970, 1972–1977 Opatija Circuit
8%
1959, 1961 Råbelövsbanan
8%
1953 Schottenring
8%
No matching quizzes found
Score Distribution
Percent of People with Each Score
Percentile by Number Answered
Your Score History
You have not taken this quiz